Najsjevernije države - Statistics

General Stats
  • This quiz has been taken 707 times
  • The average score is 16 of 20
Answer Stats
° Sjeverno Zemlje % Correct
81°51' Rusija
98%
70°05' Finska
97%
80°49' Norveška
97%
69°04' Švedska
96%
57°45' Danska
94%
83°06' Kanada
92%
67°08' Island
91%
59°48' Estonija
86%
56°27' Litva
86%
58°05' Latvija
81%
55°03' Njemačka
79%
54°50' Poljska
79%
55°26' Irska
77%
60°51' Ujedinjeno Kraljevstvo
74%
71°23' Ujedinjene države
73%
56°08' Bjelorusija
69%
53°32' Nizozemska / Holland
68%
53°34' Kina
62%
52°22' Ukrajina
58%
55°06' Kazahstan
46%
No matching quizzes found
Score Distribution
Percent of People with Each Score
Percentile by Number Answered
Your Score History
You have not taken this quiz